Logo BPK

Biblioteka

Politechniki Koszalińskiej

The Earth Through Time / (Rekord nr 29792)

Szczegóły MARC
000 -ETYKIETA REKORDU
podpole kontrolne o stałej długości 00546nam a2200193 i 4500
001 - NUMER KONTROLNY REKORDU
pole kontrolne bg
020 ## - MIĘDZYNARODOWY ZNORMALIZOWANY NUMER KSIĄŻKI - ISBN
ISBN 0030536898
040 ## - ŹRÓDŁO KATALOGOWANIA
Instytucja, która utworzyła rekord BPK
041 ## - KOD JĘZYKA
Kod języka tekstu pol
080 ## - UNIWERSALNA KLASYFIKACJA DZIESIĘTNA - UKD
UKD 551.7:552:56:523
920 ## - Międzynarodowy znormalizowany numer książki – ISBN
ISBN 0-03-053689-8
008 - POLE O STAŁEJ DŁUGOŚCI - DANE KONTROLNE
podpole kontrolne o stałej długości s pl f |000 0 pol
100 1# - NAZWA OSOBOWA
Nazwa osobowa LEVIN, Harold L.
245 #0 - TYTUŁ/ODPOWIEDZIALNOŚĆ
Tytuł The Earth Through Time /
Pozostałe elementy strefy tytułu i oznaczenia odpowiedzialności Harold L. Levin.
250 ## - STREFA WYDANIA
Oznaczenie wydania Edition fourth
-- 4th ed.
260 ## - STREFA ADRESU WYDAWNICZEGO
Miejsce wydania Fort Worth [et al.] :
Nazwa wydawcy/dystrybutora Saunders College Publ.,
Data publikacji, dystrybucji/powstania dokumentu 1991.
300 ## - STREFA OPISU FIZYCZNEGO
Objętość XV, 651, A23, G25, I16 s. :
Inne cechy fizyczne fot., mapy, rys. ;
Rozmiary 26 cm.
856 ## - LOKALIZACJA I DOSTĘP DO ELEKTRONICZNYCH DOKUMENTÓW ZDALNYCH
Link (URL) http://koha.tu.koszalin.pl/cgi-bin/koha/opac-detail.pl?biblionumber=29792
Tekst linku Katalog online BPK
942 ## - DODATKOWE ELEMENTY (KOHA)
Typ dokumentu Książka
Egzemplarze
Wycofany Status egzemplarza Uszkodzony Dostępność Lokalizacja stała Lokalizacja bieżąca Miejsce przechowywania Sygnatura Kod kreskowy Typ dokumentu
      Dostępny Biblioteka Politechniki Koszalińskiej Biblioteka Politechniki Koszalińskiej Wypożyczalnia BG 36177 01303261 Książka
© 2023 Biblioteka Politechniki Koszalińskiej :: KOHA